An account of the fishes found in the river Ganges and its branches / (Record no. 73662)
[ view plain ]
| 000 -LEADER | |
|---|---|
| fixed length control field | 00716nam a2200217 a 4500 |
| 001 - CONTROL NUMBER | |
| control field | 73662 |
| 003 - CONTROL NUMBER IDENTIFIER | |
| rucl marc code | BD-RjUL |
| 005 - DATE AND TIME OF LATEST TRANSACTION | |
| control field | 20211209082426.0 |
| 008 - FIXED-LENGTH DATA ELEMENTS--GENERAL INFORMATION | |
| fixed length control field | 170606s1822 xx a 000 0 eng d |
| 035 ## - SYSTEM CONTROL NUMBER | |
| System control number | (BD-RjUL)73880 |
| 040 ## - CATALOGING SOURCE | |
| Original cataloging agency | DLC |
| Transcribing agency | DSI |
| Modifying agency | OCoLC |
| -- | DLC |
| -- | BD-RjUL |
| Language of cataloging | eng |
| 041 ## - LANGUAGE CODE | |
| Language code of text/sound track or separate title | eng |
| 082 ## - DEWEY DECIMAL CLASSIFICATION NUMBER | |
| Edition number | 23 |
| Classification number | 597.09541 |
| Author mark and year | HAA 1822 |
| 100 1# - MAIN ENTRY--PERSONAL NAME | |
| Personal name | Hamilton, Francis. |
| Dates associated with a name | 1762-1829. |
| 9 (RLIN) | 218039 |
| 245 03 - TITLE STATEMENT | |
| Title | An account of the fishes found in the river Ganges and its branches / |
| Statement of responsibility, etc. | Francis Hamilton. |
| 260 ## - PUBLICATION, DISTRIBUTION, ETC. (IMPRINT) | |
| Place of publication, distribution, etc. | Edinburgh : |
| Name of publisher, distributor, etc. | Printed for A. Constable and company; [etc., etc.], |
| Date of publication, distribution, etc. | 1822. |
| 300 ## - PHYSICAL DESCRIPTION | |
| Pagination | vii, 405 p. : |
| Illustrations | ill. ; |
| Size | 28 cm. |
| 500 ## - GENERAL NOTE | |
| General note | Atlas has no t.-p. |
| 650 #0 - SUBJECT ADDED ENTRY--TOPICAL TERM | |
| Topical term or geographic name as entry element | Fishes |
| Geographic subdivision | Ganges River. |
| 9 (RLIN) | 218040 |
| 942 ## - ADDED ENTRY ELEMENTS (KOHA) | |
| Source of classification or shelving scheme | Dewey Decimal Classification |
| Koha item type | Books |
| Lost status | Source of classification or shelving scheme | Damaged status | Not for loan | Collection code | Permanent Location | Current Location | Shelving location | Date acquired | Source of acquisition | Total Checkouts | Full call number | Date last seen | Copy number | Koha item type | Cost, normal purchase price |
|---|---|---|---|---|---|---|---|---|---|---|---|---|---|---|---|
| Dewey Decimal Classification | Not For Loan | Non-fiction | Central Library, University of Rajshahi | Central Library, University of Rajshahi | Reading Room | 05/12/1983 | Asia Foundation | 597.09541 HAA 1822 | 06/06/2017 | C-1 | Books | ||||
| Dewey Decimal Classification | Non-fiction | Central Library, University of Rajshahi | Central Library, University of Rajshahi | 05/12/1983 | Asia Foundation | 597.09541 HAA 1822 | 06/06/2017 | C-2 | Books | ||||||
| Dewey Decimal Classification | Non-fiction | Central Library, University of Rajshahi | Central Library, University of Rajshahi | 13/08/1984 | A.B.A Cal | 597.09541 HAA 1822 | 06/06/2017 | C-3 | Books | 750.00 |